| 000 | 00415nam a2200121Ia 4500 | ||
|---|---|---|---|
| 008 | 160712s9999 xx 000 0 und d | ||
| 100 | _aMacarambon, Hussein. | ||
| 245 |
_cHussein Macarambon _aModern Martyr and Marahui and her Son, Amai |
||
| 260 |
_c2012 _bAsian Studies |
||
| 300 | _avol. 48 no. 1-2 | ||
| 650 | _xASIAN STUDIES | ||
| 856 | _uhttp://www.asj.upd.edu.ph/index.php/archive/169-asian-studies-48-1-2-2012 | ||
| 999 |
_c297406 _d297406 |
||